[Event "Bayern-ch op Seniors 26th"]
[Site "Bergen"]
[Date "2014.06.28"]
[Round "9"]
[White "Janzen, Christian"]
[Black "Borkenhagen, Bernd"]
[Result "0-1"]
[WhiteElo "1579"]
[BlackElo "1391"]
[PlyCount "86"]
[EventDate "2014.06.21"]
[EventType "swiss"]
[EventRounds "7"]
[EventCountry "GER"]
[SourceTitle "EXT 2018"]
[Source "ChessBase"]
[SourceDate "2017.10.13"]
[SourceVersion "1"]
[SourceVersionDate "2017.10.13"]
[SourceQuality "1"]

1. e4 e5 2. Nf3 d6 3. d4 exd4 4. Qxd4 Nd7 5. Bc4 h6 6. 0-0 Ngf6 7. Re1 Be7 8. e5 dxe5 9. Nxe5 Nxe5 10. Qxd8+ Bxd8 11. Rxe5+ Kf8 12. b3 Nd7 13. Ba3+ c5 14. Bxc5+ Nxc5 15. Rxc5 Bf6 16. c3 Rb8 17. Be2 b6 18. Rd5 Be6 19. Rd1 Ke7 20. a4 Bxb3 21. Re1 Be6 22. Bg4 Rhc8 23. Bxe6 fxe6 24. Re3 Rc7 25. Ra2 Rd8 26. Kf1 Rd1+ 27. Re1 Rxe1+ 28. Kxe1 Bxc3+ 29. Nxc3 Rxc3 30. Kd2 Rc5 31. Ke3 Kd6 32. f4 g6 33. g3 g5 34. fxg5 hxg5 35. Kf3 Rc4 36. h3 e5 37. a5 b5 38. Rh2 b4 39. h4 gxh4 40. gxh4 Rf4+ 41. Kg3 b3 42. Rb2 Rb4 43. h5 Ke6 0-1

[Event "Bayern-ch op Seniors 26th"]
[Site "Bergen"]
[Date "2014.06.21"]
[Round "1"]
[White "Borkenhagen, Bernd"]
[Black "Worschech, Roland"]
[Result "0-1"]
[WhiteElo "1391"]
[BlackElo "1730"]
[PlyCount "120"]
[EventDate "2014.06.21"]
[EventType "swiss"]
[EventRounds "7"]
[EventCountry "GER"]
[SourceTitle "EXT 2018"]
[Source "ChessBase"]
[SourceDate "2017.10.13"]
[SourceVersion "1"]
[SourceVersionDate "2017.10.13"]
[SourceQuality "1"]

1. d4 g6 2. e3 Bg7 3. c3 d6 4. Nf3 Nd7 5. Be2 e5 6. dxe5 Nxe5 7. Nxe5 Bxe5 8. Nd2 Ne7 9. Nf3 Bg7 10. h3 0-0 11. 0-0 b6 12. Qc2 Bb7 13. Ne1 Qd7 14. Bf3 c6 15. b3 d5 16. Bb2 Rad8 17. Rd1 Qc7 18. Rd2 Nf5 19. c4 dxc4 20. Rxd8 Rxd8 21. bxc4 Bxb2 22. Qxb2 Ba6 23. Be2 c5 24. Nf3 Qe7 25. Qc2 Rd6 26. Rd1 Qe6 27. Rxd6 Nxd6 28. Nd2 Bb7 29. Bf1 Bc6 30. Kh2 Qd7 31. e4 f6 32. f3 Nf7 33. Qd3 Qe6 34. Qc3 Ne5 35. a3 a6 36. Nb3 Kf7 37. Nd2 Bd7 38. Qe3 Nc6 39. f4 Nd4 40. Qc3 Qd6 41. g3 b5 42. cxb5 axb5 43. Kg2 Bc6 44. Kf2 c4 45. Bg2 Qc5 46. Kf1 Qd6 47. Kf2 Ne6 48. e5 Qc5+ 49. Kf1 Bxg2+ 50. Kxg2 Qd4 51. Qxd4 Nxd4 52. exf6 Nc2 53. Nb1 Kxf6 54. g4 Ke6 55. Nc3 Nxa3 56. Kf3 b4 57. Ne2 b3 58. Ke4 Nb5 59. Ke3 b2 60. f5+ gxf5 0-1

[Event "Hessen-ch Seniors op 10th"]
[Site "Bad Sooden-Allendorf"]
[Date "2014.05.04"]
[Round "9"]
[White "Freder, Juergen"]
[Black "Borkenhagen, Bernd"]
[Result "1/2-1/2"]
[WhiteElo "1484"]
[BlackElo "1666"]
[PlyCount "75"]
[EventDate "2014.04.26"]
[EventType "swiss"]
[EventRounds "9"]
[EventCountry "GER"]
[SourceTitle "EXT 2018"]
[Source "ChessBase"]
[SourceDate "2017.10.13"]
[SourceVersion "1"]
[SourceVersionDate "2017.10.13"]
[SourceQuality "1"]

1. e4 c6 2. Nc3 e6 3. Nf3 d6 4. d4 Be7 5. Be2 Nf6 6. h3 Qc7 7. Be3 b6 8. 0-0 Nbd7 9. Bd3 Bb7 10. Rc1 e5 11. dxe5 Nxe5 12. Nxe5 dxe5 13. Qe2 0-0 14. Bg5 h6 15. Bh4 Nh7 16. Bg3 f6 17. Nd1 Bc8 18. Kh1 Be6 19. Ne3 b5 20. a3 a6 21. c4 Qb7 22. cxb5 cxb5 23. Nf5 Bxf5 24. exf5 Rac8 25. Be4 Qb8 26. h4 Rxc1 27. Rxc1 Rc8 28. Bc6 Nf8 29. Qe4 Kh8 30. Rd1 Rd8 31. Bd5 Nd7 32. b4 Nb6 33. f4 Nxd5 34. Rxd5 Rxd5 35. Qxd5 exf4 36. Bf2 Bd6 37. Bc5 Bc7 38. Qf7 1/2-1/2

[Event "Hessen-ch Seniors op 10th"]
[Site "Bad Sooden-Allendorf"]
[Date "2014.04.30"]
[Round "5"]
[White "Stuiber, Ingeborg"]
[Black "Borkenhagen, Bernd"]
[Result "1/2-1/2"]
[WhiteElo "1374"]
[BlackElo "1666"]
[PlyCount "29"]
[EventDate "2014.04.26"]
[EventType "swiss"]
[EventRounds "9"]
[EventCountry "GER"]
[SourceTitle "EXT 2018"]
[Source "ChessBase"]
[SourceDate "2017.10.13"]
[SourceVersion "1"]
[SourceVersionDate "2017.10.13"]
[SourceQuality "1"]

1. d4 c6 2. e3 d5 3. f4 Bf5 4. Nf3 Nd7 5. c3 h6 6. Bd3 Bg4 7. 0-0 Ngf6 8. Nbd2 e6 9. Qc2 Bxf3 10. Nxf3 Bd6 11. Ne5 Nf8 12. Bd2 Qe7 13. Be1 N8d7 14. Rf3 0-0-0 15. b3 1/2-1/2

[Event "Hessen-ch Seniors op 10th"]
[Site "Bad Sooden-Allendorf"]
[Date "2014.04.27"]
[Round "2"]
[White "Niebaum, Karl"]
[Black "Borkenhagen, Bernd"]
[Result "1/2-1/2"]
[WhiteElo "1920"]
[BlackElo "1666"]
[PlyCount "98"]
[EventDate "2014.04.26"]
[EventType "swiss"]
[EventRounds "9"]
[EventCountry "GER"]
[SourceTitle "EXT 2018"]
[Source "ChessBase"]
[SourceDate "2017.10.13"]
[SourceVersion "1"]
[SourceVersionDate "2017.10.13"]
[SourceQuality "1"]

1. e4 e5 2. Nf3 d6 3. d4 exd4 4. Nxd4 Be7 5. Bc4 Nf6 6. Nc3 c6 7. 0-0 0-0 8. h3 Qc7 9. Bf4 a5 10. Re1 Nbd7 11. Nf5 Ne5 12. Nxe7+ Qxe7 13. Bf1 Be6 14. Qd4 c5 15. Qd2 Rad8 16. Rad1 h6 17. Nd5 Bxd5 18. exd5 Qc7 19. c4 Rfe8 20. Re3 Ng6 21. Bh2 Rxe3 22. Qxe3 Re8 23. Qc3 b6 24. Bd3 Ne5 25. Bc2 Qd8 26. f4 Ned7 27. Re1 Rxe1+ 28. Qxe1 Qe8 29. Qxe8+ Nxe8 30. Ba4 Ndf6 31. g4 Kf8 32. Kg2 Ke7 33. Kf3 Nc7 34. h4 Nd7 35. g5 hxg5 36. hxg5 g6 37. Ke4 Ne8 38. f5 gxf5+ 39. Kxf5 Ng7+ 40. Ke4 Nf8 41. Bd1 Ng6 42. Bg4 Ne8 43. a3 Ng7 44. Bg3 Nf8 45. Be1 Ng6 46. Bc3 Ne8 47. b4 axb4 48. axb4 Nh4 49. bxc5 bxc5 1/2-1/2

[Event "MVP-ch Seniors op 13th"]
[Site "Binz"]
[Date "2013.12.05"]
[Round "9"]
[White "Girod, Gudrun"]
[Black "Borkenhagen, Bernd"]
[Result "1/2-1/2"]
[WhiteElo "1291"]
[BlackElo "1395"]
[PlyCount "72"]
[EventDate "2013.11.27"]
[EventType "swiss"]
[EventRounds "9"]
[EventCountry "GER"]
[SourceTitle "EXT 2015"]
[Source "ChessBase"]
[SourceDate "2014.11.20"]
[SourceVersion "1"]
[SourceVersionDate "2014.11.20"]
[SourceQuality "1"]

1. d4 d5 2. Bf4 Nd7 3. Nf3 e6 4. h3 Ngf6 5. e3 Bd6 6. Bxd6 cxd6 7. Nbd2 a6 8. Be2 0-0 9. 0-0 b5 10. c3 Nb6 11. b3 Bb7 12. Rc1 Rc8 13. c4 dxc4 14. bxc4 Bxf3 15. Nxf3 Nxc4 16. Bxc4 bxc4 17. Qa4 d5 18. Ne5 Ra8 19. Rb1 Qc7 20. Qc6 Qxc6 21. Nxc6 Rfe8 22. Rb7 c3 23. Rc1 Ne4 24. f3 Nd6 25. Rc7 Kf8 26. Ne5 Rac8 27. R7xc3 Rxc3 28. Rxc3 f6 29. Nd7+ Kf7 30. Rc6 Nc4 31. Kf2 a5 32. g3 Re7 33. Nc5 f5 34. h4 h5 35. Ke2 Kf6 36. Kd3 Kf7 1/2-1/2

[Event "MVP-ch Seniors op 13th"]
[Site "Binz"]
[Date "2013.12.04"]
[Round "8"]
[White "Borkenhagen, Bernd"]
[Black "Schuetze, Manfred"]
[Result "0-1"]
[WhiteElo "1395"]
[BlackElo "1598"]
[PlyCount "98"]
[EventDate "2013.11.27"]
[EventType "swiss"]
[EventRounds "9"]
[EventCountry "GER"]
[SourceTitle "EXT 2015"]
[Source "ChessBase"]
[SourceDate "2014.11.20"]
[SourceVersion "1"]
[SourceVersionDate "2014.11.20"]
[SourceQuality "1"]

1. Nf3 c5 2. c3 Nf6 3. d4 e6 4. Bg5 b6 5. e3 Be7 6. Bxf6 Bxf6 7. Nbd2 d6 8. Be2 0-0 9. 0-0 Bb7 10. Bd3 Nd7 11. Be4 d5 12. Bd3 g6 13. Re1 Bg7 14. e4 cxd4 15. cxd4 dxe4 16. Bxe4 Bxe4 17. Nxe4 Nf6 18. Nxf6+ Bxf6 19. Rb1 Qd5 20. Qb3 Qxb3 21. axb3 Rfd8 22. Rbd1 Rac8 23. Re2 Bxd4 24. Red2 Bf6 25. g3 Rxd2 26. Rxd2 Rc1+ 27. Kg2 Rb1 28. Nd4 Bxd4 29. Rxd4 Rxb2 30. Rd3 a5 31. h3 Kf8 32. g4 Ke7 33. Kg3 b5 34. f3 Rc2 35. Kf4 h6 36. Ke4 a4 37. bxa4 Rc4+ 38. Rd4 Rxd4+ 39. Kxd4 bxa4 40. Kc4 Kd6 41. f4 e5 42. fxe5+ Kxe5 43. h4 Kf4 44. g5 hxg5 45. hxg5 Kxg5 46. Kb4 f5 47. Kxa4 f4 48. Kb3 f3 49. Kc2 f2 0-1

[Event "MVP-ch Seniors op 13th"]
[Site "Binz"]
[Date "2013.11.30"]
[Round "4"]
[White "Borkenhagen, Bernd"]
[Black "Assmann, Hans"]
[Result "0-1"]
[WhiteElo "1395"]
[BlackElo "1701"]
[PlyCount "84"]
[EventDate "2013.11.27"]
[EventType "swiss"]
[EventRounds "9"]
[EventCountry "GER"]
[SourceTitle "EXT 2015"]
[Source "ChessBase"]
[SourceDate "2014.11.20"]
[SourceVersion "1"]
[SourceVersionDate "2014.11.20"]
[SourceQuality "1"]

1. Nf3 c5 2. c3 Nc6 3. d4 cxd4 4. cxd4 e6 5. e3 Nf6 6. Bd3 Bb4+ 7. Bd2 0-0 8. a3 Be7 9. 0-0 a6 10. Nc3 d5 11. Re1 b5 12. Na2 Bb7 13. Rc1 e5 14. dxe5 Ng4 15. Bc3 Qb8 16. Qc2 g6 17. h3 Ngxe5 18. Nxe5 Nxe5 19. Bxe5 Qxe5 20. f4 Qf6 21. Qf2 Rac8 22. g3 Bc5 23. b4 Bb6 24. Qd2 Rfe8 25. Kf2 h5 26. h4 Qe6 27. Rxc8 Bxc8 28. Nc1 Qh3 29. Bf1 Qh2+ 30. Bg2 d4 31. exd4 Rxe1 32. Kxe1 Qg1+ 33. Ke2 Qxg2+ 34. Kd1 Qxg3 35. Nd3 Bxd4 36. Ne5 Qg1+ 37. Ke2 Qf2+ 38. Kd1 Qxd2+ 39. Kxd2 Bxe5 40. fxe5 Kg7 41. Ke3 Kf8 42. Kf4 Ke7 0-1

[Event "MVP-ch Seniors op 13th"]
[Site "Binz"]
[Date "2013.11.29"]
[Round "3"]
[White "Wenske, Hardy"]
[Black "Borkenhagen, Bernd"]
[Result "1-0"]
[WhiteElo "1603"]
[BlackElo "1395"]
[PlyCount "111"]
[EventDate "2013.11.27"]
[EventType "swiss"]
[EventRounds "9"]
[EventCountry "GER"]
[SourceTitle "EXT 2015"]
[Source "ChessBase"]
[SourceDate "2014.11.20"]
[SourceVersion "1"]
[SourceVersionDate "2014.11.20"]
[SourceQuality "1"]

1. Nf3 Nc6 2. d4 d5 3. e3 e6 4. c3 Bd6 5. Bd3 Nf6 6. Nbd2 a6 7. e4 dxe4 8. Nxe4 Nxe4 9. Bxe4 Bd7 10. Qc2 f5 11. Bd3 h6 12. Qe2 Ne7 13. Bc4 Qc8 14. Ne5 Bxe5 15. Qxe5 Kf7 16. 0-0 Ng6 17. Qxf5+ Ke7 18. Qxg6 Qf8 19. Re1 Qf6 20. Qxf6+ gxf6 21. Bf4 c6 22. Re2 Rae8 23. Rae1 Kf7 24. Bd6 b5 25. Bb3 a5 26. Re3 a4 27. Bd1 h5 28. h4 Reg8 29. Bf3 Re8 30. Bd1 Rd8 31. Bc5 Bc8 32. f4 Rde8 33. b3 axb3 34. Bxb3 f5 35. Rg3 Reg8 36. Rg5 Rxg5 37. fxg5 Re8 38. Re5 Kg6 39. Kf2 Kh7 40. Bc2 Kg6 41. Kf3 Rh8 42. Kf4 Rh7 43. Bb3 Rf7 44. Bxe6 Bxe6 45. Rxe6+ Kg7 46. Bd6 Ra7 47. Re7+ Rxe7 48. Bxe7 Kg6 49. Bf6 Kf7 50. Kxf5 Ke8 51. g6 Kf8 52. Kg5 Kg8 53. Kh6 b4 54. cxb4 c5 55. dxc5 Kf8 56. Kh7 1-0

[Event "MVP-ch Seniors op 12th"]
[Site "Binz"]
[Date "2012.12.01"]
[Round "4"]
[White "Holfter, Dietrich"]
[Black "Borkenhagen, Bernd"]
[Result "1/2-1/2"]
[WhiteElo "1360"]
[BlackElo "1349"]
[PlyCount "49"]
[EventDate "2012.11.28"]
[EventType "swiss"]
[EventRounds "9"]
[EventCountry "GER"]
[SourceTitle "EXT 2014"]
[Source "ChessBase"]
[SourceDate "2013.11.20"]
[SourceVersion "1"]
[SourceVersionDate "2013.11.20"]
[SourceQuality "1"]

1. d4 d5 2. c4 c6 3. Nf3 e6 4. Nc3 Bd6 5. Bg5 f6 6. Bh4 Nd7 7. e3 Ne7 8. Bd3 Nf8 9. 0-0 Nfg6 10. Qc2 Nxh4 11. Nxh4 f5 12. Nf3 a6 13. cxd5 cxd5 14. Ne5 Bxe5 15. dxe5 Nc6 16. f4 0-0 17. a3 Bd7 18. Qf2 b5 19. b4 Qb6 20. Ne2 Rac8 21. Rfc1 Na7 22. Nd4 Rxc1+ 23. Rxc1 Rc8 24. Rxc8+ Bxc8 25. Qc2 1/2-1/2

[Event "MVP-ch Seniors op 12th"]
[Site "Binz"]
[Date "2012.11.30"]
[Round "3"]
[White "Borkenhagen, Bernd"]
[Black "Schwandowski, Udo"]
[Result "0-1"]
[WhiteElo "1349"]
[BlackElo "1449"]
[PlyCount "130"]
[EventDate "2012.11.28"]
[EventType "swiss"]
[EventRounds "9"]
[EventCountry "GER"]
[SourceTitle "EXT 2014"]
[Source "ChessBase"]
[SourceDate "2013.11.20"]
[SourceVersion "1"]
[SourceVersionDate "2013.11.20"]
[SourceQuality "1"]

1. d4 Nf6 2. Nd2 d5 3. e3 e6 4. Bd3 c6 5. Ngf3 Nbd7 6. 0-0 Bd6 7. Re1 e5 8. dxe5 Nxe5 9. Nxe5 Bxe5 10. Nf3 Bg4 11. Be2 Bc7 12. Nd2 Qd6 13. g3 Bh3 14. Bf1 Bg4 15. Be2 Be6 16. c3 0-0 17. b3 a5 18. Bb2 Qd7 19. Bf1 Bg4 20. f3 Be6 21. Bg2 Rfd8 22. c4 Ne8 23. cxd5 Bxd5 24. Nf1 Bb6 25. Kh1 Qe7 26. Qe2 Be6 27. Rad1 Rxd1 28. Rxd1 a4 29. bxa4 Rxa4 30. a3 Ra8 31. Qc2 Bc5 32. a4 Bb6 33. Rd3 Qb4 34. Ra3 Ba5 35. Ra1 Bb3 36. Qe4 Qxe4 37. fxe4 Bb4 38. h4 Rxa4 39. Rxa4 Bxa4 40. Kg1 Nd6 41. Kf2 Nc4 42. Bc1 Ne5 43. Bd2 Bc5 44. Bc3 Nc4 45. Bf3 f6 46. g4 Ne5 47. Bxe5 fxe5 48. Nd2 b5 49. Be2 Kf7 50. Bd3 h6 51. Bb1 Bd1 52. Ba2+ Kf6 53. Nf3 g5 54. h5 Bb4 55. Bb1 c5 56. Bd3 c4 57. Be2 Bc2 58. Nh2 Bxe4 59. Bf3 Bc2 60. e4 Bc5+ 61. Ke2 c3 62. Nf1 b4 63. Ne3 Bxe3 64. Kxe3 b3 65. Be2 b2 0-1

[Event "GER-ch Seniors"]
[Site "Dresden"]
[Date "2012.08.16"]
[Round "8"]
[White "Rudolph, Joachim"]
[Black "Borkenhagen, Bernd"]
[Result "1/2-1/2"]
[WhiteElo "1831"]
[BlackElo "1696"]
[PlyCount "109"]
[EventDate "2012.08.09"]
[EventType "swiss"]
[EventRounds "9"]
[EventCountry "GER"]
[SourceTitle "EXT 2014"]
[Source "ChessBase"]
[SourceDate "2013.11.20"]
[SourceVersion "1"]
[SourceVersionDate "2013.11.20"]
[SourceQuality "1"]

1. b3 e5 2. e3 d6 3. c4 b6 4. Bb2 Bb7 5. d4 exd4 6. Bxd4 Nf6 7. Nf3 Nbd7 8. Be2 Bxf3 9. Bxf3 Rb8 10. Bc6 Be7 11. 0-0 0-0 12. Nc3 a6 13. Nd5 Nxd5 14. Bxd5 Bf6 15. h3 Bxd4 16. Qxd4 Qf6 17. Qd2 a5 18. Rad1 Rfe8 19. Qc2 Re7 20. Rd4 g6 21. Rfd1 Rbe8 22. Qb2 Nc5 23. Bc6 Rf8 24. Qe2 Ne6 25. Re4 Nd8 26. Rxe7 Qxe7 27. Bd5 Qf6 28. Rd4 Re8 29. Qg4 Ne6 30. Re4 Re7 31. h4 h5 32. Qg3 Kg7 33. Qh3 Kf8 34. Bxe6 Rxe6 35. Rf4 Qe7 36. Qf3 Kg7 37. g4 hxg4 38. Rxg4 Re5 39. Qh3 Rh5 40. Qg3 Qe5 41. Kg2 Qxg3+ 42. fxg3 f6 43. Re4 Kf7 44. Kf3 Re5 45. Rxe5 dxe5 46. Ke4 Ke6 47. g4 f5+ 48. gxf5+ gxf5+ 49. Kf3 Kf6 50. Kg3 Kg6 51. Kh3 Kh5 52. Kg3 c6 53. a3 b5 54. c5 b4 55. a4 1/2-1/2

[Event "GER-ch Seniors"]
[Site "Dresden"]
[Date "2012.08.10"]
[Round "2"]
[White "Fritsch, Wolfgang"]
[Black "Borkenhagen, Bernd"]
[Result "1/2-1/2"]
[WhiteElo "1854"]
[BlackElo "1696"]
[PlyCount "118"]
[EventDate "2012.08.09"]
[EventType "swiss"]
[EventRounds "9"]
[EventCountry "GER"]
[SourceTitle "EXT 2014"]
[Source "ChessBase"]
[SourceDate "2013.11.20"]
[SourceVersion "1"]
[SourceVersionDate "2013.11.20"]
[SourceQuality "1"]

1. e4 e5 2. Nc3 Nf6 3. f4 d5 4. exd5 Nxd5 5. Nxd5 Qxd5 6. d3 exf4 7. Bxf4 Bd6 8. Bxd6 Qxd6 9. Nf3 Bg4 10. Be2 Bxf3 11. Bxf3 c6 12. Qd2 0-0 13. 0-0-0 Re8 14. h3 Nd7 15. Rde1 Nf6 16. Kb1 h6 17. Qa5 Qd8 18. Qb4 Qb6 19. Qd2 Qc7 20. a3 Rxe1+ 21. Rxe1 Re8 22. Rxe8+ Nxe8 23. Qe3 Qb8 24. Qc5 Nf6 25. Qb4 Qc7 26. Qc5 Qb8 27. Ka2 a6 28. Qb6 Qc8 29. c4 Nd7 30. Qe3 Nf6 31. Qe7 Qb8 32. d4 Qc8 33. Kb3 Qb8 34. c5 Qc8 35. a4 Qe6+ 36. Qxe6 fxe6 37. Kb4 Kf7 38. Ka5 Nd7 39. b4 Ke7 40. b5 axb5 41. axb5 e5 42. bxc6 bxc6 43. Bxc6 exd4 44. Bxd7 Kxd7 45. Kb4 Kc6 46. Kc4 d3 47. Kxd3 Kxc5 48. Ke4 Kd6 49. Kf5 Ke7 50. Kg6 Kf8 51. g4 Kg8 52. h4 Kf8 53. Kf5 Kf7 54. h5 Kf8 55. Ke6 Ke8 56. Kf5 Kf7 57. g5 hxg5 58. Kxg5 Kf8 59. Kg6 Kg8 1/2-1/2

[Event "Hessen-ch Seniors op 08th"]
[Site "Bad Sooden-Allendorf"]
[Date "2012.04.19"]
[Round "6"]
[White "Borkenhagen, Bernd"]
[Black "Graffenberger, Marianne"]
[Result "1-0"]
[WhiteElo "1716"]
[BlackElo "1493"]
[PlyCount "81"]
[EventDate "2012.04.14"]
[EventType "swiss"]
[EventRounds "9"]
[EventCountry "GER"]
[SourceTitle "EXT 2019"]
[Source "ChessBase"]
[SourceDate "2018.10.10"]
[SourceVersion "1"]
[SourceVersionDate "2018.10.10"]
[SourceQuality "1"]

1. d4 d5 2. e3 Nf6 3. Bd3 Bd7 4. Nd2 Nc6 5. c3 e5 6. dxe5 Nxe5 7. Be2 Be7 8. Ngf3 Nxf3+ 9. Bxf3 c6 10. 0-0 0-0 11. Re1 Qc8 12. h3 Bf5 13. Nf1 Qc7 14. Ng3 Bg6 15. Nf1 Rad8 16. b3 Ne4 17. Bb2 Bf6 18. Qc1 Nc5 19. Be2 Nd3 20. Bxd3 Bxd3 21. Nd2 Bg6 22. c4 Bxb2 23. Qxb2 Rfe8 24. cxd5 Rxd5 25. Rad1 Qe5 26. Qxe5 Rexe5 27. Nc4 Rxd1 28. Rxd1 Re8 29. Na5 Bc2 30. Rd2 Be4 31. Nxb7 g6 32. Nd6 Rd8 33. Nxe4 Rxd2 34. Nxd2 Kf8 35. f4 Ke7 36. Kf2 f5 37. Kf3 Kd6 38. e4 fxe4+ 39. Kxe4 a5 40. Nc4+ Ke6 41. Nxa5 1-0

[Event "Hessen-ch Seniors op 08th"]
[Site "Bad Sooden-Allendorf"]
[Date "2012.04.17"]
[Round "4"]
[White "Husser, Oskar"]
[Black "Borkenhagen, Bernd"]
[Result "1-0"]
[WhiteElo "1883"]
[BlackElo "1716"]
[PlyCount "95"]
[EventDate "2012.04.14"]
[EventType "swiss"]
[EventRounds "9"]
[EventCountry "GER"]
[SourceTitle "EXT 2019"]
[Source "ChessBase"]
[SourceDate "2018.10.10"]
[SourceVersion "1"]
[SourceVersionDate "2018.10.10"]
[SourceQuality "1"]

1. Nf3 e6 2. c4 c6 3. g3 d5 4. b3 Be7 5. Bb2 Bf6 6. d4 Nd7 7. Nbd2 Be7 8. Bg2 Ngf6 9. 0-0 0-0 10. Re1 Bb4 11. a3 Bxd2 12. Nxd2 b6 13. e4 dxe4 14. Nxe4 Nxe4 15. Bxe4 Bb7 16. Qf3 Rc8 17. Qd3 Nf6 18. Bf3 Rc7 19. Rad1 Rd7 20. Qe3 Re8 21. b4 Qe7 22. Qc3 Red8 23. g4 h6 24. h4 Ne8 25. Kg2 Qxh4 26. Re5 c5 27. d5 cxb4 28. axb4 Qf6 29. Qe3 Nc7 30. Qa3 Qe7 31. Kg3 Ne8 32. Rde1 Qd6 33. c5 bxc5 34. bxc5 Qa6 35. c6 Qxa3 36. Bxa3 Bxc6 37. dxc6 Rd3 38. R1e3 Nc7 39. Rxd3 Rxd3 40. Re3 Rd2 41. Bb4 Rc2 42. Rc3 Rb2 43. Bd6 Nb5 44. Rd3 Rc2 45. Be4 a6 46. Rd1 Rc3+ 47. f3 a5 48. Be5 1-0

[Event "Hessen-ch Seniors op 08th"]
[Site "Bad Sooden-Allendorf"]
[Date "2012.04.16"]
[Round "3"]
[White "Borkenhagen, Bernd"]
[Black "Wieprecht, Gerhard"]
[Result "0-1"]
[WhiteElo "1716"]
[BlackElo "1939"]
[PlyCount "108"]
[EventDate "2012.04.14"]
[EventType "swiss"]
[EventRounds "9"]
[EventCountry "GER"]
[SourceTitle "EXT 2019"]
[Source "ChessBase"]
[SourceDate "2018.10.10"]
[SourceVersion "1"]
[SourceVersionDate "2018.10.10"]
[SourceQuality "1"]

1. d4 Nf6 2. e3 e6 3. Bd3 d5 4. Nd2 Nbd7 5. Ngf3 c5 6. c3 Bd6 7. h3 0-0 8. 0-0 e5 9. dxe5 Nxe5 10. Nxe5 Bxe5 11. Nf3 Bc7 12. Qc2 h6 13. Bf5 Re8 14. Bxc8 Rxc8 15. Rd1 Qe7 16. b3 Rcd8 17. Bb2 Ne4 18. c4 dxc4 19. Qxc4 b6 20. Qc2 Ng5 21. Nxg5 Qxg5 22. Rxd8 Rxd8 23. Rd1 Qe7 24. Rxd8+ Qxd8 25. Qe2 Qd7 26. Bc3 Qd6 27. g3 Qe6 28. Kh2 Qd7 29. Qd2 Qxd2 30. Bxd2 f6 31. Kg2 Kf7 32. Kf3 Ke6 33. Ke4 b5 34. Kd3 f5 35. h4 g5 36. hxg5 hxg5 37. f4 gxf4 38. gxf4 Kd5 39. Bc3 c4+ 40. bxc4+ bxc4+ 41. Ke2 Bb6 42. Kf3 Bc5 43. a4 a6 44. Ba5 Ba3 45. Bc3 Bc1 46. a5 Ba3 47. Bd2 Bb2 48. e4+ fxe4+ 49. Ke2 c3 50. Be3 c2 51. f5 c1Q 52. Bxc1 Bxc1 53. Kd1 Bh6 54. Ke2 Ke5 0-1

[Event "MVP-ch Seniors op 11th"]
[Site "Binz"]
[Date "2011.12.08"]
[Round "9.75"]
[White "Molsner, Heinz"]
[Black "Borkenhagen, Bernd"]
[Result "1-0"]
[WhiteElo "1498"]
[BlackElo "1408"]
[PlyCount "101"]
[EventDate "2011.11.30"]
[EventType "swiss"]
[EventRounds "9"]
[EventCountry "GER"]
[SourceTitle "EXT 2013"]
[Source "ChessBase"]
[SourceDate "2012.11.22"]
[SourceVersion "1"]
[SourceVersionDate "2012.11.22"]
[SourceQuality "1"]

1. b4 e5 2. Bb2 d6 3. e3 Be7 4. b5 b6 5. Nf3 Bg4 6. Be2 a6 7. a4 axb5 8. axb5 Rxa1 9. Bxa1 Bf6 10. Nc3 Ne7 11. Ne4 Nd7 12. 0-0 0-0 13. c3 Qa8 14. d3 Ng6 15. c4 Be7 16. Nc3 Nf6 17. Nd2 Bxe2 18. Qxe2 Nh4 19. f3 Qb7 20. Bb2 Ra8 21. Qf2 Ng6 22. Nde4 Qc8 23. Nxf6+ Bxf6 24. Nd5 Bd8 25. Bc3 Ne7 26. Nb4 f6 27. f4 c5 28. bxc6 Nxc6 29. Nxc6 Qxc6 30. fxe5 dxe5 31. Bxe5 Be7 32. Bd4 Bc5 33. Bxc5 bxc5 34. Qf3 Qxf3 35. gxf3 Kf7 36. d4 cxd4 37. exd4 Ra4 38. Rc1 Ke6 39. f4 Kf5 40. d5 g5 41. fxg5 fxg5 42. d6 Ke6 43. c5 Kd7 44. c6+ Kc8 45. Rf1 Rf4 46. Rxf4 gxf4 47. Kf2 h5 48. Kf3 h4 49. Kxf4 h3 50. Kf5 Kd8 51. Ke6 1-0

[Event "MVP-ch Seniors op 11th"]
[Site "Binz"]
[Date "2011.12.03"]
[Round "4.82"]
[White "Borkenhagen, Bernd"]
[Black "Rollwitz, Inge"]
[Result "1-0"]
[WhiteElo "1408"]
[BlackElo "1175"]
[PlyCount "183"]
[EventDate "2011.11.30"]
[EventType "swiss"]
[EventRounds "9"]
[EventCountry "GER"]
[SourceTitle "EXT 2013"]
[Source "ChessBase"]
[SourceDate "2012.11.22"]
[SourceVersion "1"]
[SourceVersionDate "2012.11.22"]
[SourceQuality "1"]

1. e4 d6 2. Bc4 e5 3. Qf3 Nf6 4. h3 Be7 5. Ne2 0-0 6. d3 Nc6 7. a3 a6 8. Nbc3 b5 9. Bd5 Bb7 10. Bg5 Rb8 11. Bxf6 Bxf6 12. Bxc6 Bxc6 13. Ng3 g6 14. 0-0 Bg7 15. Rab1 Bb7 16. Qe3 c6 17. Nce2 Bc8 18. c3 Qe7 19. Nh1 a5 20. d4 Be6 21. dxe5 dxe5 22. Rfd1 Bb3 23. Rd2 Rfd8 24. Re1 Rxd2 25. Qxd2 Rd8 26. Qc1 Bf6 27. Nhg3 Qc5 28. Kf1 Rd3 29. Qb1 Qd6 30. Ng1 Rd1 31. Rxd1 Bxd1 32. N1e2 Qd2 33. Qc1 Qd3 34. Qe3 Qb1 35. Qc1 Qd3 36. Qe3 Qc2 37. Qc1 Bxe2+ 38. Nxe2 Qxe4 39. f3 Qc4 40. Qc2 Bh4 41. Qe4 Qxe4 42. fxe4 c5 43. g3 Bd8 44. Kf2 g5 45. g4 h6 46. Ke3 Bb6 47. Kd3 a4 48. c4 b4 49. axb4 cxb4 50. Nc1 Bc5 51. Na2 f6 52. Kd2 Kf7 53. Nc1 b3 54. Nd3 Bd4 55. Kc1 Ke7 56. Nb4 Kd7 57. Nd5 Ke6 58. Nb4 Kd6 59. Nd3 Kc6 60. Kb1 Bc5 61. Ka1 a3 62. bxa3 Bxa3 63. Kb1 Kd6 64. Ka1 Kc6 65. Kb1 Kb6 66. Ka1 Ka5 67. Kb1 Kb6 68. Ka1 Kc6 69. Kb1 b2 70. Ka2 Bc5 71. Kxb2 Bd4+ 72. Kb3 Be3 73. Kb4 Bd2+ 74. Ka4 Be3 75. Ka5 Bb6+ 76. Ka4 Bd4 77. Kb4 Be3 78. c5 Bd2+ 79. Kc4 Be3 80. Nb4+ Kd7 81. Kd5 Bd2 82. c6+ Kc8 83. Na6 Ba5 84. Ke6 Bd8 85. Kd6 Ba5 86. Ke6 Bd8 87. c7 Bxc7 88. Nxc7 Kxc7 89. Kxf6 Kd6 90. Kf5 Ke7 91. Kxe5 Kf7 92. Kd6 1-0

[Event "Niedersachsen-ch Seniors op 14th"]
[Site "Bad Bevensen"]
[Date "2011.07.10"]
[Round "6"]
[White "Borkenhagen, Bernd"]
[Black "Ludwig, Egbert"]
[Result "1/2-1/2"]
[WhiteElo "1469"]
[BlackElo "1135"]
[PlyCount "87"]
[EventDate "2011.07.05"]
[EventType "swiss"]
[EventRounds "9"]
[EventCountry "GER"]
[SourceTitle "EXT 2012"]
[Source "ChessBase"]
[SourceDate "2011.11.24"]
[SourceVersion "1"]
[SourceVersionDate "2011.11.24"]
[SourceQuality "1"]

1. Nf3 d5 2. d4 e6 3. e3 Nf6 4. Bd3 Bd6 5. 0-0 0-0 6. Re1 c5 7. c3 Nc6 8. Nbd2 Re8 9. e4 cxd4 10. cxd4 dxe4 11. Nxe4 Nxe4 12. Bxe4 h6 13. a3 Bd7 14. Bxc6 Bxc6 15. Ne5 Bxe5 16. dxe5 Qxd1 17. Rxd1 Rad8 18. Bd2 Rd5 19. Bc3 Red8 20. Rxd5 Rxd5 21. Re1 Kf8 22. g3 h5 23. f4 g6 24. h4 Rd3 25. Kf2 Rf3+ 26. Kg1 Rxg3+ 27. Kh2 Rd3 28. Rf1 Rf3 29. Rxf3 Bxf3 30. Kg3 Bg4 31. Kf2 Ke7 32. Ke3 Bf5 33. Kd4 Kd7 34. a4 Kc6 35. b4 a6 36. a5 Bb1 37. Be1 b6 38. axb6 Kxb6 39. Bd2 Kb5 40. Be1 Bc2 41. Bd2 Bb3 42. Bc3 Bd5 43. Be1 Kc6 44. Bd2 1/2-1/2